Outer Banks - Staffel 2 - Statistiken

Allgemein
  • Dieses Quiz wurde 134 mal gespielt
  • Das Durchschnittsergebnis liegt bei 4 aus 14
Antwortstatistiken
Hint Antwort % Korrekt
Wer hat Sarah angeschossen ? Rafe Cameron
95%
Was hat John B im Sumpf attackiert? Alligator
71%
Wo liegt es? Nassau, Bahamas
61%
Worin verstecken sich die Pogues um auf das Schiff zu kommen? Container
58%
Womit bedroht Rafe Rose nachdem sie ihn beim Drogen nehmen erwischt hat? Messer
38%
Wie heisst das Schiff auf welchem sich die Pogues in Folge 10 befinden? Coastal Venture
17%
Wie heisst Denmark Tannys Ehefrau? Cecilia Tanny
11%
Wo liegt das Gold fälschlicher Weiser begraben? Am Fuße des Engels
7%
Wie heissen die Nachbarn von Familie Camerons Ferienhaus mit Nachnamen? Stanley
7%
Was liegt dort wirklich begraben? Das Skelett von Cecilia Tanny
5%
Wie heisst der Arzt der Sarah behandelt? M.Nygard
4%
Wie lautet die Serien Nummer von Ward Camerons Waffe? 18J13170
3%
Wie groß ist Ward Cameron? 6 feet 1 inch
3%
Wie heisst das 5 Sterne Hotel indem sich John B und Sarah aufhalten? Fairmont Hotel
3%
Keine übereinstimmenden Quizze gefunden
Verteilung der Resultate
Anzahl Personen mit jedem Resultat
Perzentil nach korrekt beantworteten Fragen
Ihre Resultats-Entwicklung
Sie haben dieses Quiz noch nicht gespielt